[Event "Wch U12 blitz"]
[Site "Batumi"]
[Date "2023.06.10"]
[Round "3"]
[White "Gabadadze, Gabriel"]
[Black "Timushev, Ilias"]
[Result "1-0"]
[WhiteElo "1601"]
[BlackElo "1462"]
[PlyCount "47"]
[EventDate "2023.06.10"]
[EventType "swiss (blitz)"]
[EventRounds "11"]
[EventCountry "GEO"]
[SourceTitle "EXT 2024"]
[Source "ChessBase"]
[SourceDate "2023.10.10"]
[SourceVersion "1"]
[SourceVersionDate "2023.10.10"]
[SourceQuality "1"]
[WhiteTeam "Georgia"]
[BlackTeam "FIDE"]
[WhiteTeamCountry "GEO"]

1. e4 c5 2. Nf3 e6 3. d4 cxd4 4. Nxd4 a6 5. Be2 b5 6. c4 b4 7. Be3 Bb7 8. Nd2 d6 9. Qa4+ Qd7 10. Qxb4 d5 11. Qb3 e5 12. N4f3 Bd6 13. cxd5 Qe7 14. Nc4 Nf6 15. Nxd6+ Qxd6 16. Qxb7 Nfd7 17. Qxa8 Qb4+ 18. Nd2 0-0 19. Qa7 Rc8 20. 0-0 Qxb2 21. Rab1 Qxa2 22. Rfc1 Rf8 23. Qb7 a5 24. Qb3 1-0